MDQL
is popping MORE tags! Check the
thread
!
Quizzes
Events
Quiz Creation
Community
Videos
Private Events
Remove Ads
Sign In
Join for FREE
Feedback
Dark Mode
Quiz Categories
Sports
Geography
Music
Movies
Television
Just For Fun
Miscellaneous
History
Literature
Language
Science
Gaming
Entertainment
Religion
Holiday
For Kids
Quiz Lab
Recent
Popular Today
Quiz Kudos Today
Editor Picks
Curator Picks
Quizzes by...
Day
Popularity
Type
Ratings
Length
Year
Community
Subscriptions
Recent Discussions
Orange Saloon
Badges
Playlists
Quests
Create
Leaderboards
Showdown
Live 5
Trivia Bingo
Activity
Puzzle Library
Sporcle Events
Private Events
Virtual Trivia
Globe League
Become a Host
Pub Owners
SporcleCon
Opinionation
Our Games
Videos
Blog
Mobile Apps
Partnerships
Remove Ads and Go Orange
Feedback
Sports
Athletes
MLB
NBA
NHL
NFL
Soccer
Sports Teams
WWE
NCAA
Football
Premier League
Basketball
Baseball
Hockey
Golf
Tennis
Cricket
Rugby
Auto Racing
Olympics
World Cup
Sports
Athletes
MLB
NBA
NHL
NFL
Soccer
Sports Teams
WWE
NCAA
Football
Premier League
Basketball
Baseball
Hockey
Golf
Tennis
Cricket
Rugby
Auto Racing
Olympics
World Cup
Random Quiz
Search Sporcle
×
Quiz Lab
Quiz Lab
Sports
Football
Type in answers that appear in a list
Type in answers that appear in a list
Classic
Best Score? Go Orange.
NFL Teams Stats
Can you name the NFL teams by division?
By
TheBeaver54
5m
32 Questions
215 Plays
215 Plays
215 Plays
Comments
Comments
Give Quiz Kudos
Give Quiz Kudos
-
- Ratings
hide this ad
More Info
Replay
Link that replays current quiz
Next Quiz
Link to next quiz in quiz playlist
You Got
0%
They Got
Avg Score
90%
Avg Friend Score
Upgrade to see
Score Distribution
Jump to the score distribution portion of the page
Score
0/32
Timer
05:00
0
Plays Today
Division
NFL Team
% Correct
AFC East
Miami Dolphins
98.1%
AFC East
New England Patriots
97.7%
NFC East
New York Giants
95.8%
NFC East
Dallas Cowboys
94.9%
NFC East
Philadelphia Eagles
94%
AFC East
New York Jets
94%
NFC East
Washington Redskins
92.6%
NFC North
Chicago Bears
92.1%
NFC North
Detroit Lions
92.1%
AFC South
Houston Texans
91.6%
NFC North
Green Bay Packers
91.6%
AFC North
Baltimore Ravens
91.6%
AFC North
Cleveland Browns
91.6%
NFC South
New Orleans Saints
91.2%
NFC West
San Francisco 49ers
91.2%
NFC South
Atlanta Falcons
90.7%
Division
NFL Team
% Correct
NFC North
Minnesota Vikings
90.7%
AFC North
Pittsburgh Steelers
90.7%
AFC West
Oakland Raiders
89.8%
NFC South
Tampa Bay Buccaneers
89.3%
NFC West
Arizona Cardinals
89.3%
NFC West
Seattle Seahawks
89.3%
AFC West
San Diego Chargers
89.3%
AFC South
Indianapolis Colts
88.8%
AFC East
Buffalo Bills
88.4%
AFC South
Jacksonville Jaguars
87.4%
AFC West
Denver Broncos
87.4%
NFC South
Carolina Panthers
87%
AFC North
Cincinnatti Bengals
87%
AFC West
Kansas City Chiefs
87%
NFC West
St. Louis Rams
85.1%
AFC South
Tennessee Titans
84.7%
Quiz Playlist
Details
Report
Send in Message
Add To Playlist
More Info:
Name the NFL team that matches the division that team's in.
Classic:
Type in answers that appear in a list
Last Updated: Feb 16, 2017
Quiz Scoreboard
CHALLENGE
Sign Up to Join the Scoreboard
Show All
Scores
Hide
Comments
May contain spoilers
Recently Published
Find the 'City' Movie
by crazypaving
Movies
60s
5x2 Blitz: Bands
by SL_Kpop136
Music
30s
Colored Red Africa Blitz
by spor1
Geography
30s
More to Explore
Quiz From the Vault
Featured Blog Post
14 Easter Pick-up Lines to Find Eggs With
hide this ad
You Might Also Like...
Tags
Football Quiz
NFL Quiz
Football Champions
Football Championships
Football Clubs
Football Coaches
NFL Draft
NFL Player
Sportscenter
Sports ESPN
Sports History
Today's Top Quizzes in Sports
Browse Sports
hide this ad
Today's Top Quizzes in Football
Browse Football
Top Contributed Quizzes in Sports
1
Players with Multiple 50 Home Run Seasons
2
Les entraîneurs de l'OM et du PSG au 21e siècle
3
Criteria MLB: Left Handed Sluggers
4
2022 World Cup Stars
5
Les meilleurs buteurs des matchs entre le PSG et l’OM
6
Who Hit More Homers?
7
Les joueurs passés par le PSG et l'OM
8
NBA Logic Puzzle 2.0
9
Top 10 NHL Goal Scorers of All Time
10
MLB Players with Two .350 Batting Average Seasons
Explore More
Trending Topics
Harry Potter
Disney
Marvel
Kpop
Anime
Crossword
NBA
Song
Soccer
NFL
Pokémon
The Office
Country
WWE
Puzzle
hide this ad
More By:
TheBeaver54
Quiz
Plays
Rating
Category
Featured
Created
WWE Wrestler by Catchphrase
101,816
3.25
Sports
Aug 14, 2012
Name the WWE Stable
1,254
5.00
Entertainment
Aug 8, 2012
WWE PPVs Part 1: 1985-1999
724
4.60
Entertainment
Aug 10, 2012
WWE PPVs Part 2: 2000-2011
379
4.00
Entertainment
Aug 12, 2012
NFL Teams
215
2.50
Sports
Aug 8, 2012
Go to Creator's Profile
Score Distribution
Quiz Creator Spotlight
TheBeaver54
Follow
Send a Message
Quizzes Created
-
Created Quiz Play Count
-
More By This Creator
Popular Quizzes Today
1
Colored Red Africa Blitz
2
Find the US States - No Outlines Minefield
3
Find the 'City' Movie
4
5x2 Blitz: Bands
5
The Countries of the World
6
Find the US States
7
US States
8
9x9 Crossword: Cartoon Network
More Sports Quizzes
Atlanta Falcons Top 5 Yards Leaders (2010s)
Quiz Lab
Trending Quizzes
Colored Red Europe Blitz I
Colored Red Europe Blitz II
Colored Red Africa Blitz II
Colored Red Europe Blitz III
Colored Red Africa Blitz III
Recently Updated
Godzilla Movies
pecheneg
Grab Bag: 4-10 Letters
pecheneg
2024 March Madness Bracket
pecheneg
Famous TV Couples
Peacemaker
Champions League XIs: Real Madrid
pecheneg
Largest US Cities 1790-2010
pecheneg
Rides in Walt Disney World
pecheneg
Most Oscar Losses (Acting)
pecheneg
Beyoncé Albums
pecheneg
Leaping Animals
pecheneg
Trending Topics
Crossword
Kpop
Anime
Disney
NBA
Harry Potter
Marvel
Song
The Office
Country
NFL
Pokémon
WWE
Soccer
Puzzle
Your Account Isn't Verified!
In order to create a playlist on Sporcle, you need to verify the email address you used during registration. Go to your
Sporcle Settings
to finish the process.
Report this User
Report this user for behavior that violates our
Community Guidelines
.
Details:
Send Report
Go to the Sporcle.com Mobile Site →
Comments